| 000 | 00812cam a2200265 4500 | ||
|---|---|---|---|
| 008 | 090401t1995 xxu||||| |||| 00| 0 eng d | ||
| 020 | _a0860174220 | ||
| 035 | _a(Sirsi) u57009 | ||
| 041 | _aeng | ||
| 050 | _a690.22 | ||
| 110 |
_aConstruction Industry Research and Information Association _94810 |
||
| 245 | _aTemporary access to the workface : a handbook for young professionals. | ||
| 260 |
_aLondon _bCIRIA _c1995 |
||
| 300 | _aiii,131p. ; 21cm. | ||
| 350 | _a22 | ||
| 490 |
_aCIRIA Special Publication _v121 |
||
| 650 |
_aHEALTH AND SAFETY _96244 |
||
| 650 | _aSCAFFOLDING | ||
| 650 | _aSITE SAFETY | ||
| 690 | _aBUILT ENVIRONMENT-BUILDING STANDARDS | ||
| 710 |
_aSir William Halcrow and Partners Ltd _91651 |
||
| 710 |
_aLaing Civil Engineering _91652 |
||
| 942 | _n0 | ||
| 948 | _c04/03/1997 | ||
| 999 |
_c93874 _d93874 |
||